000 00942nam a2200277 a 4500
001 BRL_1200
005 20190320211059.0
008 271113s1962----ii-a######---#000-0#eng-#
041 _aeng
044 _aII
050 4 _aDS486.A9
_b.S53 1962
100 1 _aSiddiqi, S.
_926092
245 1 0 _aThe charm of Aurangabad
_bA pictorical guide to Aurangabad, Daulatabad, Ellora, Ajanta
_cBy S. Siddiqui ; With a Foreword by Shri S. R. Dongerkery.
250 _a4a ed.
260 _aAurangabad
_bA. H. S. Mohamedbhoy
_c1962
300 _aiv, 44 p.
_bil.
_c20 cm.
500 _aAu1387
504 _aBibliografía: p. 42
650 1 4 _aTemplos en cuevas
_zIndia
_926093
651 4 _aAurangabad (India)
_xDescripción y viajes
_926094
651 4 _aAjanta, Cuevas (India)
_xDescripción y viajes
_926095
651 4 _aEllora, Cuevas (India)
_xDescripción y viajes
_926096
700 1 _aDongerkery, S. R.
_926097
902 _aGRL
942 _2lcc
_cB
999 _c10012
_d10012